000 00787nam a22002297a 4500
999 _c5903
_d5903
003 AR-CdUCM
008 190313b ||||| |||| 00| 0 spa d
040 _aMUNICIPALIDAD PROVINCIAL DEL CUSCO
_cBIBLIOTECA MUNICIPAL DEL CUSCO
082 _a985.0013 /
_bM333
100 _aMariategui, José Carlos
_91823
245 _aEl alma matinal y otras estaciones del hombre de hoy /
260 _aLima :
_bAmauta,
_c1950.
300 _a290 páginas ,
_c21 cm.
500 _aDonación familia Nieto.
505 _aContenido: Alma Matinal -- La emoción de nuestro tiempo -- Esquema de una explicación de Chaplin...
650 _aNacionalismo
_92901
650 _aInternacionalismo
_915391
650 _aRoma
_92474
650 _aEconomia
_9382
942 _2ddc
_cLIBROS
945 _aJavier